Nimeä lastenohjelmat - Statistics

Yleistilastot
  • Tätä visaa on pelattu 236 kertaa
  • Keskiarvotulos 16 / 20
Vastaustilastot
Kuvavisa Vastaus % Oikein
Muumit
98%
Pipsa Possu
97%
Kaapo
96%
Teletapit
96%
Puuha-Pete
95%
Ryhmä Hau
95%
Late Lammas
93%
Pingu
91%
Franklin
89%
Palomies Sami
86%
Hirveä Henri
83%
Oktonautit
79%
Seikkailija Dora
79%
Anniina Balleriina
74%
Barbapapa
68%
Martta puhuu
68%
Utelias VIli
62%
Tuuri
45%
Pyjamasankarit
30%
TMNT
29%
Ehtoja vastaavia visoja ei löytynyt
Tulosjakauma
Jokaisen tuloksen saaneiden osuus
Persentiili vastausten määrän mukaan
Tuloshistoriasi
Et ole pelannut tätä visaa